000 00959cam a2200229 4500
001 WB3923-13
008 030619n2003 000 0 eng u
035 _a(Sirsi) u122675
245 _aNew surgeries for old
260 _c2003
490 _aKing Sturge Press Release
_v 16 June 2003 (2)
520 _aIncreasingly, GP practices are swapping their traditional surgeries for purpose-designed buildings in new property deals, according to King Sturge. Private investors are taking more interest in funding the redevelopment and relocation of surgeries, which creates new opportunities for GPs to modernise their surgeries. http://www.kingsturge.com/site/docs/pressoffice/newsdisplay.cfm?NID=%24%299W%27H0%20%20%0A
590 _aWB
650 _aSURGERIES
650 _aPRIVATE INVESTORS
650 _aREDEVELOPMENT
650 _aKING STURGE
650 _aHEALTHCARE SECTOR
650 _aSALE AND LEASEBACK
690 _aINVESTMENT
942 _n0
999 _c72892
_d72892